Comprensión de los derechos humanos : (Registro nro. 5162)
[ vista simple ]
| 000 -LEADER | |
|---|---|
| fixed length control field | 01551nam a2200253Ia 4500 |
| 003 - CONTROL NUMBER IDENTIFIER | |
| control field | OSt |
| 005 - DATE AND TIME OF LATEST TRANSACTION | |
| control field | 20210127155134.0 |
| 008 - FIXED-LENGTH DATA ELEMENTS--GENERAL INFORMATION | |
| fixed length control field | 191128s1996 ck a gr 000 0 spa d |
| 020 ## - INTERNATIONAL STANDARD BOOK NUMBER | |
| International Standard Book Number | 958913601X |
| 040 ## - CATALOGING SOURCE | |
| Original cataloging agency | CO-JMCR |
| Transcribing agency | CO-JMCR |
| 041 0# - LANGUAGE CODE | |
| Language code of text/sound track or separate title | spa |
| 082 04 - DEWEY DECIMAL CLASSIFICATION NUMBER | |
| Classification number | 323.01 / |
| Item number | G148c |
| Edition number | 21 |
| 100 1# - MAIN ENTRY--PERSONAL NAME | |
| Personal name | Galvis Ortiz, Ligia, |
| Relator term | autora |
| 9 (RLIN) | 2681 |
| 245 10 - TITLE STATEMENT | |
| Title | Comprensión de los derechos humanos : |
| Remainder of title | hacia una cultura de los derechos humanos : historia legislación y protección internacional / |
| Statement of responsibility, etc. | Ligia Galvis Ortiz |
| 250 ## - EDITION STATEMENT | |
| Edition statement | Primera edición |
| 260 ## - PUBLICATION, DISTRIBUTION, ETC. | |
| Place of publication, distribution, etc. | Bogotá : |
| Name of publisher, distributor, etc. | Aurora, |
| Date of publication, distribution, etc. | 1996 |
| 300 ## - PHYSICAL DESCRIPTION | |
| Extent | xi, 357 páginas ; |
| Dimensions | 24 cm. |
| 505 0# - FORMATTED CONTENTS NOTE | |
| Formatted contents note | Historia de los derechos humanos -- Filosofía de los derechos humanos -- Doctrina de los derechos humanos -- Legislación internacional -- Carta internacional de derechos humanos -- Temas y sujetos de protección especial en el sistema de las Naciones Unidas -- Organización administrativa del Sistema Internacional de Derechos Humanos -- Procedimiento de los órganos del sistema de Derechos Humanos de la ONU para el conocimiento de las comunicaciones relativas a la violación de los Derechos Humanos y las libertades fundamentales -- Órganos de los tratados -- Sistemas regionales de Derechos Humanos -- Sistema Africano de Derechos Humanos -- Sistema Europeo de Derechos Humanos -- Sistema Interamericano de Derechos Humanos |
| 650 14 - SUBJECT ADDED ENTRY--TOPICAL TERM | |
| Topical term or geographic name entry element | Derechos Humanos |
| 9 (RLIN) | 1801 |
| 650 14 - SUBJECT ADDED ENTRY--TOPICAL TERM | |
| Topical term or geographic name entry element | Derechos civiles |
| 9 (RLIN) | 2644 |
| 650 14 - SUBJECT ADDED ENTRY--TOPICAL TERM | |
| Topical term or geographic name entry element | Derechos Humanos |
| 9 (RLIN) | 1801 |
| 650 14 - SUBJECT ADDED ENTRY--TOPICAL TERM | |
| Topical term or geographic name entry element | Derecho internacional |
| 9 (RLIN) | 2682 |
| 942 ## - ADDED ENTRY ELEMENTS (KOHA) | |
| Source of classification or shelving scheme | Dewey Decimal Classification |
| Koha item type | Books |
| Withdrawn status | Lost status | Source of classification or shelving scheme | Damaged status | Not for loan | Collection code | Home library | Current library | Date acquired | Source of acquisition | Cost, normal purchase price | Total Checkouts | Full call number | Barcode | Date last seen | Date last checked out | Copy number | Koha item type |
|---|---|---|---|---|---|---|---|---|---|---|---|---|---|---|---|---|---|
| Dewey Decimal Classification | Non-fiction | Biblioteca Pública José María del Castillo y Rada | Biblioteca Pública José María del Castillo y Rada | 04/15/2018 | Donación | 0.00 | 1 | 323.01 / G148c | 430001387 | 05/16/2024 | 07/12/2023 | Ej.1 | Books |